[Event "Sicilian "]
[Site "SchemingMind.com"]
[Date "2007.08.26"]
[Round "-"]
[White "Dr_Pat"]
[Black "tacticrules"]
[Result "1-0"]
[WhiteCountry "USA"]
[BlackCountry "GER"]
[WhiteElo "1543"]
[WhiteRD "52"]
[BlackElo "1677"]
[BlackRD "51"]
[GameID "118008"]

1. e4 c5 2. Nf3 Nc6 3. d4 cxd4 4. Nxd4 Nf6 5. Nc3 e5 6. Nxc6 bxc6 7. Bc4 Bb4 8. O-O Bxc3 9. bxc3 O-O 10. Bg5 h6
11. Bxf6 Qxf6 12. Rb1 d6 13. Qd3 Be6 14. Rb7 Bxc4 15. Qxc4 Rfc8 16. Rd1 d5 17. exd5 cxd5 18. Qxd5 Rxc3 19. Rxf7 Rd8 20. Rd7+ Kh7
21. Rxd8 Rxc2 22. Qe4+ Qg6 23. Rh8+
1-0

[Event "Sicilian "]
[Site "SchemingMind.com"]
[Date "2007.08.26"]
[Round "-"]
[White "tacticrules"]
[Black "Dr_Pat"]
[Result "0-1"]
[WhiteCountry "GER"]
[BlackCountry "USA"]
[WhiteElo "1677"]
[WhiteRD "51"]
[BlackElo "1543"]
[BlackRD "52"]
[GameID "118009"]

1. e4 c5 2. Nf3 Nc6 3. d4 cxd4 4. Nxd4 Nf6 5. Nc3 e5 6. Ndb5 d6 7. Bg5 a6 8. Na3 Be7 9. Bd3 Nxe4 10. Bxe7 Nxc3
11. Bxd8 Nxd1 12. Kxd1 Kxd8 13. Nc4 Kc7 14. Re1 Be6 15. c3 e4 16. Rxe4 d5 17. Rxe6 fxe6 18. Ne5 Nxe5
0-1

[Event "Sicilian "]
[Site "SchemingMind.com"]
[Date "2007.08.27"]
[Round "-"]
[White "jtrochez1"]
[Black "Dr_Pat"]
[Result "0-1"]
[WhiteCountry "HON"]
[BlackCountry "USA"]
[WhiteElo "1522"]
[WhiteRD "48"]
[BlackElo "1543"]
[BlackRD "52"]
[GameID "118192"]

1. e4 c5 2. Nf3 Nc6 3. d4 cxd4 4. Nxd4 Nf6 5. Nc3 e5 6. Nb3 Bb4 7. Be3 Nxe4 8. Qd3 d5 9. O-O-O Nxc3 10. bxc3 Ba3+
11. Kb1 Be6 12. Qb5 Qe7 13. Bc5 Bxc5 14. f3 Be3 15. Qa4 O-O 16. Bb5 Rfc8 17. Rhe1 Qg5 18. Bf1 a6 19. Qa3 Bf2 20. Re2 Bg1
21. h3 Na7 22. Qc1 Qxc1+ 23. Rxc1 Bh2 24. g4 Bf4 25. Rd1 Nb5 26. Rd3 Nxc3+ 27. Rxc3 Rxc3 28. Rg2 Rxf3 29. h4 Rxf1+
0-1

[Event "Sicilian "]
[Site "SchemingMind.com"]
[Date "2007.08.27"]
[Round "-"]
[White "jtrochez1"]
[Black "tacticrules"]
[Result "0-1"]
[WhiteCountry "HON"]
[BlackCountry "GER"]
[WhiteElo "1522"]
[WhiteRD "48"]
[BlackElo "1677"]
[BlackRD "51"]
[GameID "118193"]

1. e4 c5 2. Nf3 Nc6 3. d4 cxd4 4. Nxd4 Nf6 5. Nc3 e5 6. Nb3 Be7 7. Be3 O-O 8. Be2 a6 9. Nd5 d6 10. Nxf6+ Bxf6
11. O-O Be6 12. c3 Rc8 13. f4 Be7 14. f5 Bxb3 15. Qxb3 b5 16. Rf3 Kh8 17. Raf1 Bf6 18. Qd1 Ne7 19. Kh1 d5 20. Rh3 dxe4
21. Qe1 Nd5 22. Bd2 e3 23. Bxe3 Nxe3 24. Rxe3 Qb6 25. Rh3 Rfd8 26. Qg3 Rd2 27. Bf3 Re8 28. Rb1 e4 29. Re1 Rxb2 30. Bxe4 Rxa2
31. Qg4 Qf2 32. Rd1 Re2 33. Qg3 Qxg3 34. Rxg3 R2xe4 35. h3 Re1+ 36. Rxe1 Rxe1+
0-1

[Event "Sicilian "]
[Site "SchemingMind.com"]
[Date "2007.08.27"]
[Round "-"]
[White "Dr_Pat"]
[Black "jtrochez1"]
[Result "1-0"]
[WhiteCountry "USA"]
[BlackCountry "HON"]
[WhiteElo "1543"]
[WhiteRD "52"]
[BlackElo "1522"]
[BlackRD "48"]
[GameID "118194"]

1. e4 c5 2. Nf3 Nc6 3. d4 cxd4 4. Nxd4 Nf6 5. Nc3 e5 6. Nxc6 bxc6 7. Bc4 d6 8. Be3 Be7 9. Qe2 O-O 10. O-O-O Bb7
11. Kb1 c5 12. Bxc5 Qb8 13. Ba3 Rd8 14. g4 a6 15. g5 Ne8 16. Qh5 g6 17. Qf3 d5 18. Bxe7 Rd7 19. Ba3 Nc7 20. exd5 Ne8
21. Qe3 Nd6 22. Bxd6 Qxd6 23. Ne4 Qf8 24. Nf6+ Kg7 25. Nxd7 Qd6 26. Qxe5+ Qxe5 27. Nxe5 f6 28. gxf6+ Kxf6 29. Rhe1 Bc8 30. d6 a5
31. d7 Bxd7 32. Rxd7 h5 33. Rf7+ Kg5 34. Rg1+ Kh6 35. Rxg6#
1-0

[Event "Sicilian "]
[Site "SchemingMind.com"]
[Date "2007.08.28"]
[Round "-"]
[White "tacticrules"]
[Black "jtrochez1"]
[Result "1-0"]
[WhiteCountry "GER"]
[BlackCountry "HON"]
[WhiteElo "1677"]
[WhiteRD "51"]
[BlackElo "1522"]
[BlackRD "48"]
[GameID "118195"]

1. e4 c5 2. Nf3 Nc6 3. d4 cxd4 4. Nxd4 Nf6 5. Nc3 e5 6. Ndb5 d6 7. Bg5 Be7 8. Bxf6 Nd4 9. Bxe7 Qa5 10. Bxd6 Be6
11. Nxd4
1-0

[Event "Sicilian "]
[Site "SchemingMind.com"]
[Date "2007.08.29"]
[Round "-"]
[White "BlueMooner"]
[Black "jtrochez1"]
[Result "1-0"]
[WhiteCountry "ENG"]
[BlackCountry "HON"]
[WhiteElo "1928"]
[WhiteRD "92"]
[BlackElo "1500"]
[BlackRD "47"]
[GameID "118651"]

1. e4 c5 2. Nf3 Nc6 3. d4 cxd4 4. Nxd4 Nf6 5. Nc3 e5 6. Ndb5 Bc5 7. Nd6+ Bxd6 8. Qxd6 Qe7 9. Qxe7+ Nxe7 10. Bb5 Nc6
11. Nd5 Nxd5 12. exd5 Nd4 13. Ba4 b5 14. Bb3 Nxb3 15. axb3 d6 16. c4 bxc4 17. bxc4 O-O 18. Be3 f6 19. Kd2 f5 20. f4 e4
21. Rxa7 Rxa7 22. Bxa7 Bd7 23. b3 Ra8 24. Ra1 Kf8 25. Bd4 Rxa1 26. Bxa1 g6 27. Bd4 Ke7 28. h4 h5 29. Kc3 Be8 30. Kb4 Kd8
31. Ka5 Kc8 32. Kb6 Bd7 33. b4 Kb8 34. c5 dxc5 35. bxc5 Ba4 36. c6 Bb3 37. c7+ Kc8 38. Kc6 Ba4+ 39. Kb6 Bd7 40. d6 Be6
41. Kc6 Bd7+ 42. Kd5 Kb7 43. Bc5 Kc8 44. Ke5 Kb7 45. Kf6 Kc6 46. Ke7 Bc8 47. Kd8
1-0

[Event "Sicilian "]
[Site "SchemingMind.com"]
[Date "2007.08.30"]
[Round "-"]
[White "BlueMooner"]
[Black "tacticrules"]
[Result "1-0"]
[WhiteCountry "ENG"]
[BlackCountry "GER"]
[WhiteElo "1928"]
[WhiteRD "92"]
[BlackElo "1454"]
[BlackRD "49"]
[GameID "118653"]

1. e4 c5 2. Nf3 Nc6 3. d4 cxd4 4. Nxd4 Nf6 5. Nc3 e5 6. Ndb5 d6 7. Bg5 a6 8. Bxf6 gxf6 9. Na3 b5 10. Nd5 Bg7
11. c3 f5 12. exf5 Bxf5 13. Nc2 O-O 14. Nce3 Bg6 15. g3 f5 16. Bg2 Rc8 17. O-O Ne7 18. a4 Kh8 19. axb5 axb5 20. Nxe7 Qxe7
21. Nd5
1-0

[Event "Sicilian "]
[Site "SchemingMind.com"]
[Date "2007.08.29"]
[Round "-"]
[White "jtrochez1"]
[Black "BlueMooner"]
[Result "0-1"]
[WhiteCountry "HON"]
[BlackCountry "ENG"]
[WhiteElo "1500"]
[WhiteRD "47"]
[BlackElo "1928"]
[BlackRD "92"]
[GameID "118654"]

1. e4 c5 2. Nf3 Nc6 3. d4 cxd4 4. Nxd4 Nf6 5. Nc3 e5 6. Nb3 Bb4 7. Bd3 d5 8. Bd2 Bxc3 9. Bxc3 Nxe4 10. Bxe4 dxe4
11. Qxd8+ Kxd8 12. O-O-O+ Ke7 13. Rhe1 Bg4 14. Rd2 f5 15. h3 Bh5 16. Nc5 Rhd8 17. Nxb7 Rxd2 18. Bxd2 Rb8 19. Nc5 Kd6 20. Nb3 Nd4
21. Kb1 Kd5 22. Nc1 h6 23. a3 Rb6 24. a4 Be8 25. a5 Rc6 26. Bc3 Rc4 27. Na2 Ke6 28. b3 Rc5 29. Kb2 Nc6 30. b4 Rb5
31. Kc1 Bf7 32. Kd2 Kf6 33. Ra1 g5 34. Ke1 Nd4 35. Kd2 f4 36. Nc1 Nc6 37. Na2 Bc4 38. Kc1 Bf1
0-1

[Event "Sicilian "]
[Site "SchemingMind.com"]
[Date "2007.08.29"]
[Round "-"]
[White "Dr_Pat"]
[Black "BlueMooner"]
[Result "0-1"]
[WhiteCountry "USA"]
[BlackCountry "ENG"]
[WhiteElo "1566"]
[WhiteRD "47"]
[BlackElo "1895"]
[BlackRD "94"]
[GameID "118655"]

1. e4 c5 2. Nf3 Nc6 3. d4 cxd4 4. Nxd4 Nf6 5. Nc3 e5 6. Nxc6 bxc6 7. Bc4 Bb4 8. O-O h6 9. Be3 Bxc3 10. bxc3 Nxe4
11. Qg4 Ng5 12. Bxg5 hxg5 13. Qf3 d5 14. Bb3 e4 15. Qg3 f5 16. Qe5+ Kf7 17. c4 Be6 18. cxd5 cxd5 19. Rfd1 Qf6 20. Qxf6+ Kxf6
21. Bxd5 Bxd5 22. Rxd5 Rhd8 23. Rad1 Rxd5 24. Rxd5 Rb8 25. Kf1 Rb2 26. c4 Rxa2 27. c5 a5 28. c6 Rc2 29. Rxa5 Rxc6 30. Ke2 Rc2+
31. Ke3 Ke6 32. Kd4 Rxf2
0-1

[Event "Sicilian "]
[Site "SchemingMind.com"]
[Date "2007.08.31"]
[Round "-"]
[White "tacticrules"]
[Black "BlueMooner"]
[Result "0-1"]
[WhiteCountry "GER"]
[BlackCountry "ENG"]
[WhiteElo "1454"]
[WhiteRD "49"]
[BlackElo "1928"]
[BlackRD "92"]
[GameID "118656"]

1. e4 c5 2. Nf3 Nc6 3. d4 cxd4 4. Nxd4 Nf6 5. Nc3 e5 6. Ndb5 d6 7. Bg5 a6 8. Na3 b5 9. Bxf6 gxf6 10. Nd5 f5
11. Bd3 Be6 12. O-O Bxd5 13. exd5 Ne7 14. c3 Bg7 15. Nc2 O-O
0-1

[Event "Sicilian "]
[Site "SchemingMind.com"]
[Date "2007.09.02"]
[Round "-"]
[White "jjb091"]
[Black "jtrochez1"]
[Result "1-0"]
[WhiteCountry "USA"]
[BlackCountry "HON"]
[WhiteElo "1726"]
[WhiteRD "84"]
[BlackElo "1524"]
[BlackRD "49"]
[GameID "118851"]

1. e4 c5 2. Nf3 Nc6 3. d4 cxd4 4. Nxd4 Nf6 5. Nc3 e5 6. Ndb5 d6 7. Bg5 Be7 8. Bxf6 gxf6 9. Nd5 Qa5+ 10. c3 Qd8
11. Nbc7+ Kf8 12. Nxa8 Bd7 13. Nac7 Be6 14. Nxe6+ fxe6 15. Nxe7 Qxe7 16. Bc4 Na5 17. Bb3 Nxb3 18. Qxb3 b6 19. O-O h5 20. Rad1 h4
21. Qa3 Kf7 22. Qxd6 Qxd6 23. Rxd6 b5 24. Rd7+ Ke8 25. Rfd1 Rg8 26. Rd8+ Kf7 27. Rxg8 Kxg8 28. Rd7 a5 29. Re7 f5 30. exf5 exf5
31. Rxe5
1-0

[Event "Sicilian "]
[Site "SchemingMind.com"]
[Date "2007.09.01"]
[Round "-"]
[White "jjb091"]
[Black "Dr_Pat"]
[Result "1-0"]
[WhiteCountry "USA"]
[BlackCountry "USA"]
[WhiteElo "1700"]
[WhiteRD "85"]
[BlackElo "1543"]
[BlackRD "52"]
[GameID "118852"]

1. e4 c5 2. Nf3 Nc6 3. d4 cxd4 4. Nxd4 Nf6 5. Nc3 e5 6. Ndb5 d6 7. Bg5 a6 8. Na3 Be7 9. Bxf6 Bxf6 10. Nd5 O-O
11. Nxf6+ Qxf6 12. Nc4 Qg6 13. f3 b5 14. Nb6 Rb8 15. Nxc8 Rbxc8 16. Qd2 Rfd8 17. O-O-O Ne7 18. g3 d5 19. exd5 Nxd5 20. Bd3 Qf6
21. Qe2 Nb4 22. a3 Nxd3+ 23. Rxd3 Rxd3 24. Qxd3 Rd8 25. Qc3 h6 26. Re1 Qd6 27. Qb4 Qxb4 28. axb4 f6 29. c3 Kf7 30. Kc2 g6
31. Ra1 Rd6 32. b3 f5 33. Rd1 Rxd1 34. Kxd1 g5 35. c4 bxc4 36. bxc4 Ke6 37. Kd2 f4 38. g4 Kf6 39. Kd3
1-0

[Event "Sicilian "]
[Site "SchemingMind.com"]
[Date "2007.09.02"]
[Round "-"]
[White "jjb091"]
[Black "BlueMooner"]
[Result "1-0"]
[WhiteCountry "USA"]
[BlackCountry "ENG"]
[WhiteElo "1726"]
[WhiteRD "84"]
[BlackElo "1895"]
[BlackRD "94"]
[GameID "118853"]

1. e4 c5 2. Nf3 Nc6 3. d4 cxd4 4. Nxd4 Nf6 5. Nc3 e5 6. Ndb5 d6 7. Bg5 a6 8. Na3 b5 9. Nd5 Be7 10. Bxf6 Bxf6
11. c3 Bg5 12. Nc2 Rb8 13. a4 bxa4 14. Ncb4 Bd7 15. Bxa6 Nxb4 16. Nxb4 O-O 17. Qxd6
1-0

[Event "Sicilian "]
[Site "SchemingMind.com"]
[Date "2007.09.04"]
[Round "-"]
[White "jjb091"]
[Black "tacticrules"]
[Result "1-0"]
[WhiteCountry "USA"]
[BlackCountry "GER"]
[WhiteElo "1700"]
[WhiteRD "85"]
[BlackElo "1677"]
[BlackRD "51"]
[GameID "118854"]

1. e4 c5 2. Nf3 Nc6 3. d4 cxd4 4. Nxd4 Nf6 5. Nc3 e5 6. Ndb5 d6 7. Bg5 a6 8. Na3 b5 9. Bxf6 gxf6 10. Nd5 f5
11. Bd3 Be6 12. Qh5 Bg7 13. O-O f4 14. c4 b4 15. Nc2 a5 16. g3 Ne7 17. Kh1 Bxd5 18. exd5 Ng6 19. Rg1 Qf6 20. Rae1 O-O
21. gxf4 Nxf4 22. Qxh7#
1-0

[Event "Sicilian "]
[Site "SchemingMind.com"]
[Date "2007.09.02"]
[Round "-"]
[White "jtrochez1"]
[Black "jjb091"]
[Result "0-1"]
[WhiteCountry "HON"]
[BlackCountry "USA"]
[WhiteElo "1524"]
[WhiteRD "49"]
[BlackElo "1726"]
[BlackRD "84"]
[GameID "118855"]

1. e4 c5 2. Nf3 Nc6 3. d4 cxd4 4. Nxd4 Nf6 5. Nc3 e5 6. Nxc6 bxc6 7. Bd2 Be7 8. Bd3 O-O 9. O-O d5 10. exd5 cxd5
11. a3 Bd7 12. h3 Qc7 13. Bg5 d4 14. Ne2 Rab8 15. Bxf6 Bxf6 16. b4 h5 17. f4 h4 18. Rc1 Rb6 19. Be4 Be7 20. f5 Bg5
21. Rb1 Be3+ 22. Kh1 Rf6 23. Qe1 Rh6 24. c4 Qxc4 25. f6 Bc6 26. Rc1 Bxc1 27. Nxc1 Bxe4 28. Rf2 Rxf6 29. Rxf6 gxf6 30. Ne2 Qd5
31. Qxh4 Rc8 32. Qg4+ Kh7 33. Qh4+ Kg7 34. Qg4+ Kf8 35. Qxc8+ Ke7 36. Qc7+ Qd7 37. Qc5+ Ke6 38. Ng3 Qc6 39. Qxc6+ Bxc6 40. Nf1 e4
41. Kg1 e3 42. Nxe3 dxe3 43. Kf1 Ke5 44. g4 Kf4 45. Ke1 Kg3
0-1

[Event "Sicilian "]
[Site "SchemingMind.com"]
[Date "2007.09.02"]
[Round "-"]
[White "Dr_Pat"]
[Black "jjb091"]
[Result "0-1"]
[WhiteCountry "USA"]
[BlackCountry "USA"]
[WhiteElo "1543"]
[WhiteRD "52"]
[BlackElo "1700"]
[BlackRD "85"]
[GameID "118856"]

1. e4 c5 2. Nf3 Nc6 3. d4 cxd4 4. Nxd4 Nf6 5. Nc3 e5 6. Nb3 Bb4 7. Bg5 h6 8. Bxf6 Bxc3+ 9. bxc3 Qxf6 10. Bc4 O-O
11. O-O Rd8 12. Qd3 d6 13. Rab1 Be6 14. Bxe6 Qxe6 15. c4 Rac8 16. Nd2 b6 17. Rfd1 Nd4 18. c3 Nc6 19. Nf1 Na5 20. Ne3 Nxc4
21. Nd5 Na5 22. Qa6 Qd7 23. Qd3 Nb7 24. Qe2 Nc5 25. Rd2 Na4 26. Rd3 Qe6 27. Rg3 Nc5 28. Qf3 Kh8 29. Qg4 Qxg4 30. Rxg4 Rd7
31. f3 Ne6 32. a4 Nf4 33. Nxf4 exf4 34. Rxf4 Rxc3 35. g3 Rdc7 36. h4 Rc1+ 37. Rxc1 Rxc1+ 38. Kf2 Rc4
0-1

[Event "Sicilian "]
[Site "SchemingMind.com"]
[Date "2007.09.03"]
[Round "-"]
[White "BlueMooner"]
[Black "jjb091"]
[Result "1-0"]
[WhiteCountry "ENG"]
[BlackCountry "USA"]
[WhiteElo "1928"]
[WhiteRD "92"]
[BlackElo "1734"]
[BlackRD "83"]
[GameID "118857"]

1. e4 c5 2. Nf3 Nc6 3. d4 cxd4 4. Nxd4 Nf6 5. Nc3 e5 6. Ndb5 d6 7. Bg5 a6 8. Na3 b5 9. Bxf6 gxf6 10. Nd5 f5
11. c3 Bg7 12. exf5 Bxf5 13. Nc2 O-O 14. Nce3 Be6 15. g3 b4 16. Bg2 bxc3 17. bxc3 Rc8 18. O-O f5 19. Qh5 Ne7 20. Qe2 a5
21. Rab1 Rc5 22. Rb7 Nxd5 23. Bxd5 Bxd5 24. Nxd5 Qa8 25. Ne7+ Kh8 26. Rfb1 Qe8 27. Nxf5 Rxf5 28. Qg4 Rf7 29. Rb8 Rf8 30. Rxe8 Rxe8
31. Qd7 Rec8 32. Rb7 Rg8 33. Qxd6 Rxc3 34. Rc7 Rxc7 35. Qxc7 Rf8 36. Qxa5 h6 37. a4 e4 38. Qb5 Rd8 39. a5 Bd4 40. Qc6 e3
41. Qxh6+
1-0

[Event "Sicilian "]
[Site "SchemingMind.com"]
[Date "2007.09.04"]
[Round "-"]
[White "tacticrules"]
[Black "jjb091"]
[Result "0-1"]
[WhiteCountry "GER"]
[BlackCountry "USA"]
[WhiteElo "1454"]
[WhiteRD "49"]
[BlackElo "1734"]
[BlackRD "83"]
[GameID "118858"]

1. e4 c5 2. Nf3 Nc6 3. d4 cxd4 4. Nxd4 Nf6 5. Nc3 e5 6. Ndb5 d6 7. Bg5 a6 8. Na3 b5 9. Bxf6 gxf6 10. Nd5 f5
11. Bd3 fxe4 12. Bxe4 Rb8 13. c3 Bb7 14. O-O Qh4 15. Qf3 Be7 16. Nxe7 Nxe7 17. Bxb7 Rg8 18. g3 f5 19. Bxa6 f4 20. Bxb5+ Kd8
21. Rad1 Nf5 22. Bd3 fxg3 23. fxg3 Nxg3 24. Qf6+ Qxf6 25. Rxf6 Ne4+ 26. Kh1 Nxf6 27. Nc4 d5 28. Nxe5 Rxb2 29. Rg1 Rxg1+ 30. Kxg1 Rxa2
31. Nc6+ Kc7 32. Nb4 Ra3 33. Kf2 Rxc3 34. Be2 Kd6 35. Nd3 d4
0-1

[Event "Sicilian "]
[Site "SchemingMind.com"]
[Date "2007.09.03"]
[Round "-"]
[White "cnbcad"]
[Black "jtrochez1"]
[Result "0-1"]
[WhiteCountry "USA"]
[BlackCountry "HON"]
[WhiteElo "1506"]
[WhiteRD "56"]
[BlackElo "1518"]
[BlackRD "48"]
[GameID "119088"]

1. e4 c5 2. Nf3 Nc6 3. d4 cxd4 4. Nxd4 Nf6 5. Nc3 e5 6. Nf3 h6 7. Bc4 d6 8. h3 Be6 9. Bxe6 fxe6 10. O-O a6
11. Ne2 Nxe4 12. c3 Be7 13. Qd3 Nc5 14. Qg6+ Kf8 15. Ng3 Qe8 16. Qg4 Qf7 17. Be3 e4 18. Nxe4 Nxe4 19. Qxe4 d5 20. Qc2 Bf6
21. Bc5+ Kg8 22. Nh2 Ne5 23. Bd4 Qh5 24. f4 Nd7 25. Rae1 Qf7 26. Ng4 Bxd4+ 27. cxd4 h5 28. Ne5 Nxe5 29. fxe5 Qd7 30. Re3 Rf8
31. Rxf8+ Kxf8 32. Rf3+ Kg8 33. Qc5 Kh7 34. Qc2+ Kg8 35. Qg6 Rh6 36. Qg5 Qe8 37. Rf6 Qe7 38. a3 Rxf6 39. exf6 Qxf6 40. Qxh5 Qxd4+
41. Kh2 Kf8 42. Qh8+ Kf7 43. Qc8 Qxb2 44. Qd7+ Kf6 45. Qd8+ Kg6 46. Qe8+ Kf5 47. Qf7+ Ke4 48. Qxe6+ Qe5+ 49. Qxe5+ Kxe5 50. Kg3 Ke4
51. Kf2 Kd3 52. g4 Kd2 53. Kf3 d4 54. g5 d3 55. h4 Kc2 56. h5 d2
0-1

[Event "Sicilian "]
[Site "SchemingMind.com"]
[Date "2007.09.03"]
[Round "-"]
[White "cnbcad"]
[Black "jjb091"]
[Result "0-1"]
[WhiteCountry "USA"]
[BlackCountry "USA"]
[WhiteElo "1541"]
[WhiteRD "52"]
[BlackElo "1734"]
[BlackRD "83"]
[GameID "119089"]

1. e4 c5 2. Nf3 Nc6 3. d4 cxd4 4. Nxd4 Nf6 5. Nc3 e5 6. Nf3 Bb4 7. Bd2 d5 8. exd5 Bxc3 9. Bxc3 Nxd5 10. Bb5 Nxc3
11. Qxd8+ Kxd8 12. bxc3 Bf5 13. Rd1+ Ke7 14. Bxc6 bxc6 15. Nxe5 Rac8 16. O-O Bxc2 17. Rd7+ Ke6 18. Re1 f6 19. Rxg7 fxe5 20. Rxa7 Ra8
21. Rc7 Rxa2 22. Rxc6+ Kd5 23. Rc7 Rha8 24. h3 Ra1 25. Rxa1 Rxa1+ 26. Kh2 Ra2 27. c4+ Kd6 28. Rc8 Be4 29. Rb8 Rxf2 30. Rg8 Kc5
31. Rc8+ Kd4 32. Rg8 Kxc4 33. Rg4 Rxg2+ 34. Rxg2 Bxg2 35. Kxg2 Kd3 36. Kf2 e4 37. Ke1 Ke3 38. h4 h5 39. Kf1 Kd2
0-1

[Event "Sicilian "]
[Site "SchemingMind.com"]
[Date "2007.09.03"]
[Round "-"]
[White "cnbcad"]
[Black "Dr_Pat"]
[Result "0-1"]
[WhiteCountry "USA"]
[BlackCountry "USA"]
[WhiteElo "1541"]
[WhiteRD "52"]
[BlackElo "1497"]
[BlackRD "44"]
[GameID "119090"]

1. e4 c5 2. Nf3 Nc6 3. d4 cxd4 4. Nxd4 Nf6 5. Nc3 e5 6. Nf3 Bb4 7. Bd2 Bxc3 8. Bxc3 Nxe4 9. Nxe5 Nxc3 10. Nxc6 Nxd1
11. Nxd8 Nxb2 12. Rb1 Kxd8 13. Rxb2 Re8+ 14. Be2 a6 15. c4 Rb8 16. O-O b5 17. cxb5 axb5 18. Bxb5 Ba6 19. a4 Bxb5 20. axb5 Re5
21. b6 f5 22. Ra1 Kc8 23. Ra7 Rb7 24. Ra3 Re6 25. g3 Rexb6 26. Rc2+ Rc7 27. Re2 g6 28. Re8+ Kb7 29. h4 d5 30. Raa8 Kc6
31. Red8 Rd7 32. Rac8+= Kd6 33. Rxd7+ Kxd7 34. Rg8 d4 35. Rg7+ Ke6 36. Rxh7 d3
0-1

[Event "Sicilian "]
[Site "SchemingMind.com"]
[Date "2007.09.03"]
[Round "-"]
[White "cnbcad"]
[Black "BlueMooner"]
[Result "0-1"]
[WhiteCountry "USA"]
[BlackCountry "ENG"]
[WhiteElo "1506"]
[WhiteRD "56"]
[BlackElo "1926"]
[BlackRD "90"]
[GameID "119091"]

1. e4 c5 2. Nf3 Nc6 3. d4 cxd4 4. Nxd4 Nf6 5. Nc3 e5 6. Nf3 Bb4 7. Bd2 Bxc3 8. Bxc3 Nxe4 9. Qd5 Nxc3 10. bxc3 O-O
11. Bc4 d6 12. O-O Be6 13. Qd3 d5 14. Bb5 e4 15. Qe3 exf3 16. Qxf3 Rc8 17. Rad1 Qc7 18. Qh5 Rfe8 19. Bd3 g6 20. Qg5 Ne5
21. Be2 Qxc3 22. f4 Qe3+ 23. Kh1 Qxe2 24. Rfe1 Qxc2 25. fxe5 Rc4 26. Rc1 Qf5 27. Qe3 Rxc1 28. Rxc1 Rc8 29. Rg1 Qe4 30. Qxa7 d4
31. a4 Bh3 32. Qb6 Bxg2+
0-1

[Event "Sicilian "]
[Site "SchemingMind.com"]
[Date "2007.09.04"]
[Round "-"]
[White "cnbcad"]
[Black "tacticrules"]
[Result "1-0"]
[WhiteCountry "USA"]
[BlackCountry "GER"]
[WhiteElo "1506"]
[WhiteRD "56"]
[BlackElo "1405"]
[BlackRD "54"]
[GameID "119092"]

1. e4 c5 2. Nf3 Nc6 3. d4 cxd4 4. Nxd4 Nf6 5. Nc3 e5 6. Nf3 Bb4 7. Bd2 a6 8. a3 Bxc3 9. Bxc3 Nxe4 10. Bxe5 Nxe5
11. Nxe5 Qe7 12. Qd4 Nf6 13. Be2 d6 14. Nf3 O-O 15. Qd3 Re8 16. Nd4 Bg4 17. f3 Bh5 18. O-O Bg6 19. Qb3 Rac8 20. Rfe1 Qe3+
21. Qxe3 Rxe3 22. Bd3 Rxe1+ 23. Rxe1
1-0

[Event "Sicilian "]
[Site "SchemingMind.com"]
[Date "2007.09.03"]
[Round "-"]
[White "jtrochez1"]
[Black "cnbcad"]
[Result "1-0"]
[WhiteCountry "HON"]
[BlackCountry "USA"]
[WhiteElo "1500"]
[WhiteRD "47"]
[BlackElo "1541"]
[BlackRD "52"]
[GameID "119093"]

1. e4 c5 2. Nf3 Nc6 3. d4 cxd4 4. Nxd4 Nf6 5. Nc3 e5 6. Nxc6 bxc6 7. Be2 d5 8. exd5 cxd5 9. Bg5 Be7 10. Bxf6 Bxf6
11. O-O d4 12. Ne4 Bf5 13. Bd3 Bxe4 14. Bxe4 Rb8 15. b3 Rb4 16. Bd3 O-O 17. a3 Rb8 18. a4 Be7 19. Qg4 g6 20. Rae1 Qd6
21. f4 f5 22. Bxf5 Rxf5 23. fxe5 Rxf1+ 24. Kxf1 Qb4 25. Qe6+ Kf8 26. Re2 Qb6 27. Rf2+ Ke8 28. Qf7+ Kd7 29. Rf6 Rf8 30. Qd5+
1-0

[Event "Sicilian "]
[Site "SchemingMind.com"]
[Date "2007.09.04"]
[Round "-"]
[White "jjb091"]
[Black "cnbcad"]
[Result "1-0"]
[WhiteCountry "USA"]
[BlackCountry "USA"]
[WhiteElo "1700"]
[WhiteRD "85"]
[BlackElo "1527"]
[BlackRD "55"]
[GameID "119094"]

1. e4 c5 2. Nf3 Nc6 3. d4 cxd4 4. Nxd4 Nf6 5. Nc3 e5 6. Ndb5 d6 7. Bg5 a6 8. Na3 Be7 9. Nd5 Nxd5 10. exd5 Bxg5
11. dxc6 bxc6 12. Nc4 O-O 13. Qxd6 Bb7 14. Rd1 a5 15. Be2 a4 16. Nxe5 Qxd6 17. Rxd6 Bf4 18. Rd7 Bxe5 19. Rxb7 Rfb8 20. Rxb8+
1-0

[Event "Sicilian "]
[Site "SchemingMind.com"]
[Date "2007.09.04"]
[Round "-"]
[White "Dr_Pat"]
[Black "cnbcad"]
[Result "0-1"]
[WhiteCountry "USA"]
[BlackCountry "USA"]
[WhiteElo "1566"]
[WhiteRD "47"]
[BlackElo "1558"]
[BlackRD "56"]
[GameID "119095"]

1. e4 c5 2. Nf3 Nc6 3. d4 cxd4 4. Nxd4 Nf6 5. Nc3 e5 6. Nxc6 bxc6 7. Bc4 d6 8. Be3 d5 9. exd5 Bb4 10. dxc6 Qxd1+
11. Rxd1 Bxc3+ 12. bxc3 O-O 13. O-O Ne4 14. c7 Bb7 15. Bd2 Rac8 16. f3 Nxd2 17. Rxd2 Rxc7 18. Bd5 Bxd5 19. Rxd5 Rxc3 20. Rxe5 Rxc2
21. Ra5 Ra8 22. Re1 g6 23. a4 a6 24. Kf1 h5 25. Re2 Rc4 26. Kf2 Kg7 27. g3 Rc1 28. h3 Rb8 29. Rxa6 Rb3 30. a5 Rcc3
0-1

[Event "Sicilian "]
[Site "SchemingMind.com"]
[Date "2007.09.04"]
[Round "-"]
[White "BlueMooner"]
[Black "cnbcad"]
[Result "1-0"]
[WhiteCountry "ENG"]
[BlackCountry "USA"]
[WhiteElo "1926"]
[WhiteRD "90"]
[BlackElo "1506"]
[BlackRD "56"]
[GameID "119096"]

1. e4 c5 2. Nf3 Nc6 3. d4 cxd4 4. Nxd4 Nf6 5. Nc3 e5 6. Ndb5 d6 7. Bg5 Be7 8. Bxf6 Bxf6 9. Qxd6 Qxd6 10. Nxd6+ Ke7
11. Nxc8+ Raxc8 12. Nd5+ Ke6 13. Rd1 Nd4 14. c3 Nc2+ 15. Kd2 Nb4 16. Nxb4 a5 17. Nd5 Bg5+ 18. Kc2 b5 19. Bxb5 Rc5 20. a4 f5
21. exf5+ Kxf5 22. Ne3+ Bxe3 23. fxe3 g6 24. e4+ Kxe4 25. Rhf1 Rb8 26. Bd3+ Kd5 27. Bxg6+ Ke6 28. Bxh7 Rh8 29. Bf5+ Ke7 30. Rd7+ Ke8
31. Ra7 Rxh2 32. Bg6+
1-0

[Event "Sicilian "]
[Site "SchemingMind.com"]
[Date "2007.09.04"]
[Round "-"]
[White "tacticrules"]
[Black "cnbcad"]
[Result "1-0"]
[WhiteCountry "GER"]
[BlackCountry "USA"]
[WhiteElo "1570"]
[WhiteRD "48"]
[BlackElo "1558"]
[BlackRD "56"]
[GameID "119097"]

1. e4 c5 2. Nf3 Nc6 3. d4 cxd4 4. Nxd4 Nf6 5. Nc3 e5 6. Ndb5 d6 7. Bg5 h6 8. Bxf6 gxf6 9. Nd5 Rb8 10. Qh5 Be6
11. Bc4 Bxd5 12. Bxd5 Qd7 13. Be6 Qe7 14. O-O-O a6 15. Nxd6+
1-0